000
00206nam a2200097Ia 4500
008
240331s9999 xx 000 0 und d
082
_b
MAR
100
_a
Marx,A. ed
245
0
_a
Matthukaleyi thedi
942
_c
L
999
_c
4739
_d
4739